The effects of internal conflict and civil war in west Africa : a case study of Liberia (1989-1997) /
Saved in:
| 主要作者: | |
|---|---|
| 格式: | Thesis |
| 语言: | English |
| 出版: |
Gombak :
International Islamic University Malaysia,
2003
|
| 主题: | |
| 在线阅读: | http://studentrepo.iium.edu.my/handle/123456789/27 |
| 标签: |
添加标签
没有标签, 成为第一个标记此记录!
|
| LEADER | 021710000a22004330004500 | ||
|---|---|---|---|
| 001 | 276414 | ||
| 005 | 20230420112638.0 | ||
| 008 | 040130s2003 my g b 000 0 eng d | ||
| 035 | |a (Sirsi) 276414 | ||
| 040 | |a UIAM |b eng | ||
| 041 | 0 | |a eng | |
| 043 | |a f-lb--- | ||
| 050 | 0 | 0 | |a DT636.5 |
| 100 | 1 | |a Sylla, Brima |9 116332 | |
| 245 | 1 | 4 | |a The effects of internal conflict and civil war in west Africa : |b a case study of Liberia (1989-1997) / |c by Brima Sylla |
| 260 | |a Gombak : |b International Islamic University Malaysia, |c 2003 | ||
| 300 | |a vii, 152 leaves ; |c 30 cm. | ||
| 336 | |2 rdacontent | ||
| 337 | |2 rdamedia | ||
| 338 | |2 rdacarrier | ||
| 500 | |a Abstracts in English and Arabic. | ||
| 500 | |a "A thesis submitted in partial fulfilment of the requirement for the degree of Master of Human Sciences in Political Sciences" --On t.p. | ||
| 502 | |a Thesis (M.A.)--International Islamic University Malaysia, 2003. | ||
| 504 | |a Includes bibliographical references (leaves 142-152). | ||
| 610 | 2 | 0 | |a ECOMOG |9 116333 |
| 651 | 0 | |a Liberia |x History |y Civil War, 1989- |9 116334 | |
| 651 | 0 | |a Liberia |x History Causes |y Civil War, 1989- |9 116336 | |
| 651 | 0 | |a Liberia |v Case studies |x History |y Civil War, 1989- |9 116338 | |
| 655 | 0 | 7 | |a Theses, IIUM local |
| 690 | 0 | |a Dissertations, Academic |x Department of Political Sciences |z IIUM |9 27572 | |
| 710 | 2 | |a International Islamic University Malaysia. |b Department of Political Science | |
| 710 | 2 | |a International Islamic University Malaysia. |b Kulliyyah of Islamic Revealed Knowledge and Human Sciences | |
| 856 | 4 | |u http://studentrepo.iium.edu.my/handle/123456789/27 | |
| 900 | |a bib-mbs-hj-sar-rmb | ||
| 942 | |2 lcc |n 0 | ||
| 999 | |c 431669 |d 463903 | ||
| 952 | |0 0 |6 T DT 000636.5 S984E 2003 |7 0 |8 THESES |9 753385 |a IIUM |b IIUM |c MULTIMEDIA |g 0.00 |o t DT636.5S984E 2003 |p 00011274870 |r 2017-10-19 |t 2 |v 0.00 |y THESIS | ||
| 952 | |0 0 |6 LU T DT636.5S984E 2003 |7 0 |8 THESES |9 756314 |a IIUM |b IIUM |c CLOSEACCES |g 0.00 |o lu t DT636.5S984E 2003 |p 00000868565 |r 2017-10-25 |t 1 |v 0.00 |y THESIS | ||
| 952 | |0 0 |6 TS CDF DT636.5S984E 2003 |7 0 |8 THESES |9 813396 |a IIUM |b IIUM |c MULTIMEDIA |g 0.00 |o ts cdf DT636.5S984E 2003 |p 11100325749 |r 2017-10-26 |t 1 |v 0.00 |y THESISDIG | ||
